Personnages de Harry Potter par lettre - C - Statistiques

Statistiques générales
  • Ce quiz a été pris 1 172 fois
    899 depuis la dernière actualisation
  • Le résultat moyen est 8 sur 15
Statistiques - réponses
Indice Personnage % Correct
Le beau Poufsouffle qui participe au Tournoi des Trois Sorciers Cédric Diggory
100%
La première petite amie de Harry Cho Chang
93%
Frère de Ron Weasley qui est parti étudier les dragons en Roumanie Charlie Weasley
89%
Harry fut à maintes reprises la victime de son appareil photo Colin Crivey
74%
Un chien gros, mais affectueux, qui habite avec Hagrid Crockdur
71%
Ministre de la Magie qui a démissionné au retour de Voldemort Cornelius Fudge
67%
Le petit hibou gris de Ron Coquecigrue
46%
Fantôme qui enseigne l'histoire de la magie à Poudlard Cuthbert Binns
38%
Professeure d'étude des Moldus à Poudlard Charity Burbage
36%
Mangemort dont le nom de famille commence par un "y" Corban Yaxley
34%
Il vomit sur les chaussures de Severus Rogue après avoir cru manger des testicules de dragon (merci Harry!) Cormac McLaggen
34%
Un tableau qui passe son temps à provoquer les élèves en duel Chevalier du Catogan
28%
Obscurus dont le véritable nom serait Aurélius Dumbledore Croyance Bellebosse
24%
Un des deux propriétaires d'une boutique située dans l’Allée des Embrumes Caractacus Beurk
20%
Premier possesseur de la pierre de résurrection Cadmus Peverell
18%
Aucun quiz correspondant
Distribution des résultats
% des personnes avec chaque résultat
Percentile par nombre de réponses
Votre historique - résultats
Vous n’avez pas pris ce quiz depuis la dernière actualisation